00709cam a22002057a 4500003000400000005001700004008004100021017004500062020001800107040002400125100002800149245011000177260004100287300002600328504001200354600002600366650004500392650004300437700002300480OSt20181108160358.0181108e201806 spca b 001 0 cat d aDL B. 9786-2018bBiblioteca de Catalunya a9788497102742 aES-BaUABbcatcCDMR1 aLuna, Joaquín,d1958-10aQuina tropa! b: aventures i desventures d'un periodista divorciat /cJoaquim Luna ; pròleg d'Albert Om aBarcelona :bEdicions Destino,c2018 a303 p. :bil ;c21 cm aÍndex17aLuna, Jaquín2lemac07aPeriodisteszCatalunyaxBiografia2lemac 7aPeriodisteszEspanyaxBiografia2lemac1 aOm, Albert,d1966-